Migrácia tieni ostatné strasti Európanov

Európska migračná kríza. Rýchle a pružné medzinárodné prevádzačské siete. Hlavný prúd migrantov - balkánska trasa vedúca cez strednú Európu do Nemecka. Top 5 krajín pôvodu migrantov. Britský premiér a jeho opletačky. Memento z Parndorfu. Počet migrantov v Stredomorí (január - august 2015).

Gespeichert in:
Bibliographische Detailangaben
1. Verfasser: Pressburg, Adrian Peter
Format: Buchkapitel
Sprache:Slowakisch
Schlagworte:
Tags: Tag hinzufügen
Keine Tags, Fügen Sie das erste Tag hinzu!

MARC

LEADER 00000naa a2200000 4500
001 0206706
005 20231113104043.6
041 0 |a slo 
044 |a SK 
245 1 0 |a Migrácia tieni ostatné strasti Európanov  |c Adrian Peter Pressburg 
520 |a Európska migračná kríza. Rýchle a pružné medzinárodné prevádzačské siete. Hlavný prúd migrantov - balkánska trasa vedúca cez strednú Európu do Nemecka. Top 5 krajín pôvodu migrantov. Britský premiér a jeho opletačky. Memento z Parndorfu. Počet migrantov v Stredomorí (január - august 2015). 
610 2 0 |a migrácia 
610 2 0 |a migrácia nelegálna 
610 2 0 |a imigrácia 
610 2 0 |a azyl 
610 2 0 |a politika azylová 
610 2 0 |a Európa 
100 1 |a Pressburg, Adrian Peter